Statistiken für Filmzitate 2

Klicken Sie hier um das Quiz zu spielen!

Allgemein

  • Dieses Quiz wurde 471 mal gespielt
  • Das Durchschnittsergebnis liegt bei 8 aus 25

Antwortstatistiken

ZitatFilm% Korrekt
"Nach Hause telefonieren"E.T. - Der Außerirdische
95%
"Vergiss niemals wer du bist. Du bist mein Sohn und der wahre König. Du musst dich wieder daran erinnern."Der König der Löwen
62%
"Housten, wir haben ein Problem"Apollo 13
58%
"Yippie-Ya-Yeah, Schweinebacke"Stirb Langsam
58%
"Chantal, heul Leise!"Fack ju Göhte
53%
"Einer dieser Meinungsforscher wollte mich testen. Ich genoss seine Leber mit ein paar Fava-Bohnen, dazu einen ausgezeichneten Chianti "Das Schweigen der Lämmer
46%
"Ich schau dir in die Augen Kleines"Casablanca
43%
"Ich sehe tote Menschen"Sixth Sense
42%
"Ein Big Mac ist ein Big Mac, aber die nennen ihn "Le Big Macke"."Pulp Fiction
39%
"Es kommt im Leben nicht darauf an wie viel Du austeilst, sondern darauf wie viel Du einstecken kannst!"Rocky
38%
"Regel Nummer 1: An einer getroffenen Vereinbarung wird nichts geändert oder nachverhandelt." - "Regel Nummer 2: Keine Namen." - "Regel Nummer 3: Öffne niemals das Paket."Transporter
33%
"Ich liebe den Geruch von Napalm am Morgen!"Apocalypse Now
32%
"Was ist das?" - "Ein blaues Licht." - "Und was macht es?" - "Es leuchtet blau."Rambo 3
32%
"Das ist doch kein Messer...DAS ist ein Messer!"Crocodile Dundee – Ein Krokodil zum Küssen
31%
"Er hat mich angeschleimt!"Ghostbusters
31%
"Remember, Remember, The 5th of November. Die Verschwörung und der Verrat. Es gibt keinen Grund die Pulververschwörung jemals zu vergessen."V wie Vendetta
23%
"Da ist das Untier!" - "Wo?" - "Na da!" - "Wo? Hinter dem Karnickel?" - "Es ist das Karnickel!"Ritter der Kokosnuss
22%
"Toto, ich habe das Gefühl, dass wir nicht mehr in Kansas sind."Der Zauberer von Oz
20%
"Der Winter ist schön und ich lieb' meine Mütze, doch wär' endlich Sommer dann würd ich zur... Strandbar gehen!"Die Eiskönigin - Völlig unverfroren
19%
"Ich bin doch nur ein Mädchen, das vor einem Jungen steht und ihn bittet es zu lieben"Notting Hill
17%
"Sie stellen mir jede Woche die selben Fragen. 'Wie läuft's im Job? Haben Sie irgendwelche negativen Gedanken?' Ich habe ausschließlich negative Gedanken."Joker
12%
"Das ist nicht Vietnam, sondern Bowling, da gibt es Regeln."The Big Lebowski
11%
"Kann ich etwas für sie tun?" - "Wir stellen hier die Fragen alter Mann! Wer bist du?" - "Du." - "Nein nicht ich, du!" - "Ja, ich bin du!" - "Jetzt antworte gefälligst auf meine Frage. Wer bist du?" - "Sagte ich doch schon." - "Bist du taub?" - "Nein, Du ist blind..."Rush Hour 3
9%
"Die Wahrheit über Glückskekse: Sehen chinesisch aus, klingen chinesisch, aber eigentlich sind sie eine amerikansiche Erfindung. Deshalb sind sie auch hohl, voller Lügen und hinterlassen einen fahlen Geschmack."Iron Man 3
7%
"Wenn ich in 5 Minuten nicht zurück sein sollte, warten Sie einfach ein bisschen länger."Ace Ventura
2%

Verteilung der Resultate

Perzentil nach korrekt beantworteten Fragen

Anzahl Personen mit jedem Resultat

Ihre Resultats-Entwicklung

Sie haben dieses Quiz noch nicht gespielt